000 00316nam a22001337a 4500
008 171004b xxu||||| |||| 00| 0 eng d
020 _a088742374
041 _aeng
080 _a159.9
100 _a48
101 _aPSI
245 _aHANDBOOK SPEECH AND LANGUAGE DISORDERS
_cCOSTELLO.J.M
942 _2udc
_cBK
999 _c31635
_d31635